000 00590nam a2200217Ia 4500
003 OSt
005 20221007083301.0
006 a|||||r|||| 00| 0
007 ta
008 221006b |||||||| |||| 00| 0 eng d
024 _a38,452
037 _cTheseses
040 _aFLL
_cFLL
_beng
041 _2eng
_aeng
100 _aDixit V.K.
_9520761
245 0 _aDispute settlement process in the non-state legal system of Meenas of rajasthan
_b study in legal anthropology
260 _c1985
300 _a352p
_ccm.
942 _cDIS
_2CC
999 _c1169497
_d1169497